000 00457nam a2200181Ia 4500
001 21223
005 20260306172903.0
008 260306t2018||||xx |||||||||||||| ||spa||
041 _aESP
082 _a344.2
_bV46
100 _aVenturoli, Marco
_eAUT
245 0 _aLa víctima en el sistema penal:
_b¿del olvido al protagonismo?
260 _c2018
300 _a608 páginas :
_c24 cm.
650 _aGEN
654 _aCDE
942 _cLIB
_dJUS
_fJUS
_2ddc
_n
999 _c21223
_d21223